00000000nam##2200000za#4500
0019.583532
003CaOODSP
00520210624192641
007cr |||||||||||
008150406|2010||||xxc|||||o    f|0| 0 fre|d
020 |a978-0-662-06944-7
022 |a1915-8858
040 |aCaOODSP|bfre
041 |aeng
041 |afre
043 |an-cn---
0861 |aM116-2/021H14-PDF
1101 |aCanada.|bRessources naturelles Canada. |bCentre d'information topographique.
24510|aPetitcodiac, Nouveau-Brunswick |h[ressource électronique]
250 |aÉd. 05, version 00
255 |aÉchelle 1:50,000
260 |aOttawa - Ontario : |bRessources naturelles Canada. |c2010.
300 |a1p.|bcarte en couleur
4901 |aCartes topographiques du Canada |x1915-8858|v21-H/14
500 |aSérie A791. Comprend une légende.
590 |a11-03-Supp|b2011-02-16
7760#|tPetitcodiac, New Brunswick |w(CaOODSP)9.548322
791 |tPetitcodiac, New Brunswick |eeng|w(CaOODSP)9.583531
830#0|aCartes topographiques du Canada,|x1915-8858|v21-H/14|w(CaOODSP)9.500294
85640|ahttp://publications.gc.ca|qPDF|s3671 Ko|uhttps://publications.gc.ca/collections/collection_2010/nrcan/topo/M116-2-021H14.pdf|y21-H/14